Countries Whose Populations Increased the Most in the Last 20 Minutes - Statistics

General Stats
  • This quiz has been taken 31 times
  • The average score is 12 of 20
Answer Stats
Total Rank Country Increase % Correct
1 India 496
88%
3 United States 69
88%
4 Indonesia 86
85%
54 Niger 40
85%
6 Nigeria 207
81%
5 Pakistan 181
77%
8 Bangladesh 66
65%
7 Brazil 45
65%
14 Egypt 69
65%
31 Sudan 48
65%
21 Tanzania 76
65%
15 Doctor Congo 131
62%
10 Ethiopia 122
62%
26 Kenya 43
62%
13 Philippines 67
62%
41 Angola 43
50%
30 Uganda 52
46%
36 Afghanistan 43
38%
57 Syria 42
15%
40 Ukraine 42
8%
No matching quizzes found
Score Distribution
Percent of People with Each Score
Percentile by Number Answered
Your Score History
You have not taken this quiz